000 00705cab a2200253 4500
001 ABS51040
008 090401t1994 xxu||||| |||| 00| 0 eng d
035 _a(Sirsi) u6277
041 _aeng
100 _aWood, C.
245 2 _aA hand-made link to the Iron Age
260 _c1994
350 _a0
490 _aArchitects` Journal
_v200(1) 6 July 1994, 29-39(10)
520 _aEducation centre, Pembrokeshire Coast National Park, Dyfed, Wales.
650 _aBUILT ENVIRONMENT-BUILDING COSTS
650 _aCOST ANALYSIS
650 _aEDUCATIONAL CENTRES
650 _aVISITOR CENTRES
650 _aWALES
690 _aBUILDING AND CONSTRUCTION-PROJECTS
942 _n0
948 _c04/03/1997
999 _c3777
_d3777